| 000 | 00635nam a2200193Ii 4500 | ||
|---|---|---|---|
| 003 | JO-AjNU | ||
| 008 | 230605s9999||||xx |||||||||||||| ||und|| | ||
| 040 |
_aJO-AjNU _bara _erda _cJO-AjNU |
||
| 041 | _aara | ||
| 050 | 1 | 4 | _aDS53.B4312 1979 |
| 100 | 3 |
_aبن نبي، مالك اصدار, _eauthor _940293 |
|
| 245 | 0 | 0 | _aفكرة الأفريقية الأسيوية في ضوء مؤتمر باندونج |
| 264 | 3 | 1 | _aدمشق: دار الفكر، 1979 |
| 300 | _a266ص | ||
| 336 |
_atext _btxt _2rdacontent |
||
| 337 |
_aunmediated _bn _2rdamedia |
||
| 338 |
_avolume _bnc _2rdacarrier |
||
| 650 | 4 |
_aالصراع الدولي _940294 |
|
| 999 |
_aA17087 _c20655 _d20655 |
||